Score 0/20 Timer 03:00
1 Play Today
Title Missing Word % Correct
Listen To Your _____Heart
84.1%
Gold ______Digger
81.5%
_____ Of Broken DreamsBoulevard
79.5%
_____ And MeYou
73.9%
Hollaback ______Girl
72.6%
Mr. _____Brightside
68.6%
______ HillsBeverly
68.5%
My ______Humps
67.7%
Candy _____Shop
66.3%
______, We're Goin' DownSugar
58.4%
Title Missing Word % Correct
When I'm ______Gone
56.7%
_____ Of SoundSpeed
47.7%
_____ It!Run
30.1%
_____ No MoreLonely
23.3%
Let Me _____ YouHold
18.2%
Soul _____Survivor
18.1%
_____ UpCaught
15.6%
_____ UpHung
13.8%
Inside Your ______Heaven
9.6%
Get It ______Poppin'
7.9%

Today's Daily Dose

You're not logged in!

Compare scores with friends on all Sporcle quizzes.
OR
Log In

Sporcle TV

Today on Sporcle TV


Watch our educational content, quiz creation guides, and fun videos on Sporcle TV.

Show Comments

Extras

Top Quizzes Today


Score Distribution

Paid Content

Your Account Isn't Verified!

In order to create a playlist on Sporcle, you need to verify the email address you used during registration. Go to your Sporcle Settings to finish the process.

Report this User

Report this user for behavior that violates our Community Guidelines.

Details: